000 008510000a22002410004500
003 LK-CoMWRAF
005 20231211131253.0
008 230817t1999 ||||| |||| 00| 0 eng d
020 _a2912606004
040 _aLK-CoMWRAF
_dLK-CoMWRAF
_eLK-CoMWRAF
041 _aeng
082 _a305.42
_bHOO
100 _aHoodfar, Homa
245 _a The women's movement in Iran :
_bwomen at the crossroads of secularization and Islamization
260 _aGrables:
_bWomen Living under Muslim Laws,
_c1999
300 _a46 p. ; 22 cm
_bBibliography included
490 _a Women's movement series,
_vno. 1
650 _aWomen- Iran- History
650 _aWomen- Political activity- Iran
650 _aWomen in Islam-Iran
856 _uhttps://newuniversityinexileconsortium.org/wp-content/uploads/2023/02/The-Womens-Movement-in-Iran.pdf
942 _cBK
999 _c3101
_d3101